A dictionary of journalism / (Record no. 19253)
[ view plain ]
| 000 -LEADER | |
|---|---|
| fixed length control field | 00799cam a2200253 a 4500 |
| 001 - CONTROL NUMBER | |
| control field | 17950105 |
| 005 - DATE AND TIME OF LATEST TRANSACTION | |
| control field | 20150504123621.0 |
| 008 - FIXED-LENGTH DATA ELEMENTS--GENERAL INFORMATION | |
| fixed length control field | 131121s2014 enk frd f001 0 eng d |
| 020 ## - INTERNATIONAL STANDARD BOOK NUMBER | |
| International Standard Book Number | 9780199646241 |
| 040 ## - CATALOGING SOURCE | |
| Original cataloging agency | YDXCP |
| Language of cataloging | eng |
| Transcribing agency | YDXCP |
| Modifying agency | BDX |
| -- | BTCTA |
| -- | UKMGB |
| -- | CDX |
| -- | IXA |
| -- | VP@ |
| -- | CHVBK |
| -- | BUF |
| -- | NLGGC |
| -- | OCLCF |
| -- | DLC |
| -- | EG-ScBUE |
| 082 04 - DEWEY DECIMAL CLASSIFICATION NUMBER | |
| Classification number | 070.403 |
| Item number | HAR |
| Edition number | 22 |
| 100 1# - MAIN ENTRY--PERSONAL NAME | |
| Personal name | Harcup, Tony. |
| 9 (RLIN) | 37820 |
| 245 12 - TITLE STATEMENT | |
| Title | A dictionary of journalism / |
| Statement of responsibility, etc | Tony Harcup. |
| 250 ## - EDITION STATEMENT | |
| Edition statement | 1st ed. |
| 260 ## - PUBLICATION, DISTRIBUTION, ETC. (IMPRINT) | |
| Place of publication, distribution, etc | Oxford : |
| Name of publisher, distributor, etc | Oxford University Press, |
| Date of publication, distribution, etc | 2014. |
| 300 ## - PHYSICAL DESCRIPTION | |
| Extent | 355 p. ; |
| Dimensions | 20 cm. |
| 490 0# - Series Statement | |
| Series statement | Oxford Paperback Reference |
| 500 ## - GENERAL NOTE | |
| General note | Index : p. 352-355. |
| 650 #7 - SUBJECT ADDED ENTRY--TOPICAL TERM | |
| Topical term or geographic name as entry element | Journalism |
| Form subdivision | Dictionaries. |
| Source of heading or term | BUEsh |
| 9 (RLIN) | 37821 |
| 651 ## - SUBJECT ADDED ENTRY--GEOGRAPHIC NAME | |
| Source of heading or term | BUEsh |
| 653 ## - INDEX TERM--UNCONTROLLED | |
| Resource For college | Informatics and Computer Science |
| Arrived date list | May2015 |
| 655 ## - INDEX TERM--GENRE/FORM | |
| Form subdivision | |
| -- | 34232 |
| 942 ## - ADDED ENTRY ELEMENTS (KOHA) | |
| Source of classification or shelving scheme | Dewey Decimal Classification |
| Call number prefix | 070.403 HAR |
| Withdrawn status | Item status | Source of classification or shelving scheme | Damaged status | Not for loan | Vendor | Home library | Current library | Shelving location | Date acquired | Source of acquisition | Cost, normal purchase price | Serial Enumeration / chronology | Total Checkouts | Full call number | Barcode | Date last seen | Cost, replacement price | Koha item type |
|---|---|---|---|---|---|---|---|---|---|---|---|---|---|---|---|---|---|---|
| Dewey Decimal Classification | Alahram | Central Library | Central Library | Ground Floor | 03/05/2015 | 94.00 | 332 | 070.403 HAR | 000038106 | 15/07/2025 | 117.20 | Reference (NB) |